00583 2200205 4500001002100000005001700021008004100038035002400079090001800103100001800121245007600139260002900215300002700244500002900271650002900300850001500329980001200344985000600356999001500362YOGYA-0209000006006020090227035740.0 ind  0010-020900000060060 a746bMar BlT aMARAH, Risman aBerbagai pola kain tenun dan kehidupan pengrajinnyacoleh, Risman Marah aJakartabDepdikbudc1989 av, 68 hlmbilusc23 cm aBibliografi : hlm. 67-68 aKerajinan tangan - Tenun aYOPDYOG(B) a2-06-08 a1 aA000011629